[Event "Kolkata op 3rd"]
[Site "Kolkata"]
[Date "2018.05.15"]
[Round "2"]
[White "Tukhaev, Adam"]
[Black "Sai, Vishwesh C"]
[Result "1/2-1/2"]
[WhiteElo "2551"]
[BlackElo "2288"]
[PlyCount "95"]
[EventDate "2018.05.14"]
[EventType "swiss"]
[EventRounds "9"]
[EventCountry "IND"]
[SourceTitle "CBM 184 Extra"]
[Source "ChessBase"]
[SourceDate "2018.06.28"]
[SourceVersion "1"]
[SourceVersionDate "2018.06.28"]
[SourceQuality "1"]

1. Nf3 c5 2. c4 Nf6 3. Nc3 Nc6 4. g3 g6 5. Bg2 Bg7 6. 0-0 0-0 7. d4 cxd4 8. Nxd4 Ng4 9. e3 d6 10. b3 Qa5 11. Nd5 Nge5 12. Bb2 Be6 13. Nxc6 Nxc6 14. Bxg7 Kxg7 15. Qe2 Bxd5 16. Bxd5 Qc5 17. Rfd1 a5 18. Rab1 Qa3 19. h4 Nb4 20. Rd2 Rab8 21. h5 Rfc8 22. Kg2 Rc5 23. Rh1 Nxd5 24. cxd5 a4 25. Qg4 axb3 26. Qh4 Rc1 27. h6+ Kf8 28. Qd4 f6 29. Rxc1 Qxc1 30. axb3 Ra8 31. Rd1 Qc2 32. Rd2 Qc1 33. Rd1 Qc2 34. Rd2 Qxb3 35. Rb2 Qa4 36. Qxa4 Rxa4 37. Rxb7 g5 38. f4 gxf4 39. gxf4 Kf7 40. Kf3 Ra1 41. e4 Rh1 42. f5 Rxh6 43. Rb8 Rh3+ 44. Kg4 Re3 45. Kf4 Ra3 46. Rh8 Kg7 47. Re8 Ra7 48. Kg4 1/2-1/2